000 00288nam a22001337a 4500
008 181015b xxu||||| |||| 00| 0 eng d
020 _a9780199931163
041 _aeng
080 _a591
100 _a7
101 _aZOO
245 _aOnce Future Giants
_cLevy.SH
942 _2udc
_cBK
999 _c49617
_d49617